000 00839nam a2200217Ia 4500
003 GCL
005 20240530110931.0
008 140319s9999 xx 000 0 ara d
040 _aGCL /
_cGCL
082 0 4 _b413.1
_bر م
100 1 _aالرازى ، زين الدين محمد بن ابى
245 1 0 _aمختار الصحاح /
_cالرازى ، زين الدين محمد بن ابى ؛ اعتنى به يوسف الشيخ محمد
260 _aبيروت :
_bالمكتبة العصرية،
_c1995
300 _a352 ص. ؛
_c24 سم.
650 0 4 _aالمترادفات والاضداد
650 0 4 _aاللغة العربية - الالفاظ
650 0 4 _aاللغة العربية - المعاجم
650 0 4 _aاللغة العربية - الاشتقاق
700 1 _aيوسف الشيخ محمد
942 _2ddc
_cREF
999 _c66648
_d66648